| 000 | 01503nam0a2200325 4500 | ||
|---|---|---|---|
| 001 | RU\NLR\bibl\1419521 | ||
| 005 | 20250615213906.0 | ||
| 010 |
_a978-5-91272-876-1 _9200 |
||
| 021 |
_aRU _b2009-60124 _93709 |
||
| 035 | _a(NLR Aleph) 001411472 | ||
| 090 |
_a1285285 _c1285285 |
||
| 100 | _a20091001d2009 |||y0rusy50 ca | ||
| 101 | 0 | _arus | |
| 102 | _aRU | ||
| 105 | _ay ||||||||| | ||
| 200 | 1 |
_aФормирование педагогических умений у преподавателей военного вуза _eмонография _fЛ. Ю. Горбунова _gПоволж. отд-ние Акад. воен. наук, Вольское высш. воен. училище тыла (Воен. ин-т) |
|
| 210 |
_aСаратов _aВольск _cНаука _cТипография ВВВУТ (ВИ) _d2009 |
||
| 215 |
_a147 с. _d21 |
||
| 300 | _aВ вып. дан. авт.: Л.Ю. Горбунова, к.п.н., проф. | ||
| 320 | _aБиблиогр.: с. 125-135 (156 назв.) | ||
| 606 | 1 |
_aВысшие военно-учебные заведения _xПрофессорско-преподавательский состав _xПедагогическое мастерство _92571663 _3RU\NLR\AUTH\661520724 |
|
| 686 | 1 | _aЦ4,6(2Р)390-4 | |
| 700 | 1 |
_aГорбунова _bЛ. Ю. _gЛариса Юрьевна _4070 |
|
| 801 | 0 |
_aRU _bNLR _c20091001 _gRCR |
|
| 801 | 1 |
_aRU _bNLR _c20091001 |
|
| 942 | _cBOOK | ||
| 980 | _aNB | ||
| 980 | _aNBR | ||